[Event "Plancoet 2014"]
[Site "?"]
[Date "2014.07.31"]
[Round "7.11"]
[White "Mevel, Alberic"]
[Black "Bourgois, Bastien"]
[Result "1-0"]
[WhiteElo "2226"]
[BlackElo "2032"]
[PlyCount "69"]
[EventDate "2014.??.??"]

1. e4 c5 2. c3 d5 3. exd5 Qxd5 4. d4 Nc6 5. Nf3 Bf5 6. Be3 e6 7. dxc5 Qxd1+ 8.
Kxd1 a5 9. Nbd2 Nf6 10. Nd4 Ng4 11. Bb5 Nxe3+ 12. fxe3 Kd7 13. b4 Bg4+ 14. Ke1
Kc7 15. Bxc6 bxc6 16. Nc4 f6 17. h3 Bf5 18. Nxa5 Bxc5 19. Naxc6 Bb6 20. Nxf5
Kxc6 21. Nd4+ Kd5 22. Kd2 e5 23. Nb3 Rhd8 24. Kd3 e4+ 25. Ke2 Kc4 26. Nd2+ Kb5
27. Nxe4 Ra3 28. g4 Rda8 29. Rhd1 Rxa2+ 30. Rxa2 Rxa2+ 31. Rd2 Ra1 32. Rd5+ Kc4
33. Rd6 Ba7 34. Rd7 Ra2+ 35. Kf3 1-0

[Event "Plancoet 2014"]
[Site "?"]
[Date "2014.07.31"]
[Round "7.13"]
[White "Theon, Pierre"]
[Black "Jessel, Stephen"]
[Result "0-1"]
[WhiteElo "2124"]
[BlackElo "2321"]
[PlyCount "32"]
[EventDate "2014.??.??"]

1. c4 e6 2. Nf3 d5 3. g3 dxc4 4. Bg2 a6 5. Qc2 Nf6 6. O-O b5 7. Ne5 Nd5 8. b3
cxb3 9. axb3 Bb7 10. Bb2 Nb4 11. Qc3 Bxg2 12. Kxg2 N8c6 13. Rc1 Qd5+ 14. Nf3 f6
15. d3 Bd6 16. Nbd2 Be5 0-1

[Event "Plancoet 2014"]
[Site "?"]
[Date "2014.08.01"]
[Round "8.2"]
[White "Milchev, Nikolai"]
[Black "Terrieux, Kevin"]
[Result "1/2-1/2"]
[WhiteElo "2424"]
[BlackElo "2417"]
[PlyCount "123"]
[EventDate "2014.??.??"]

1. Nf3 Nf6 2. g3 b6 3. Bg2 Bb7 4. O-O g6 5. b4 Bg7 6. Bb2 O-O 7. c4 c5 8. b5 a6
9. a4 d5 10. cxd5 axb5 11. axb5 Rxa1 12. Bxa1 Qxd5 13. Qc2 Qd6 14. Na3 Nbd7 15.
Nc4 Qc7 16. Nfe5 Bxg2 17. Kxg2 Nxe5 18. Bxe5 Qb7+ 19. f3 Ra8 20. Bxf6 Bxf6 21.
Rb1 e6 22. Rb3 Ra4 23. Ra3 Rxa3 24. Nxa3 Qd7 25. d3 Bd8 26. Qa4 Qb7 27. Nc4 Bc7
28. Ne3 Qb8 29. Ng4 h5 30. Nf6+ Kg7 31. Ne4 Be5 32. Nd2 Qb7 33. Nc4 Bc7 34.
Qa1+ Kg8 35. Nd2 Qb8 36. Qa4 Qb7 37. Ne4 Be5 38. Qa6 Qb8 39. Nd2 Bc7 40. Qa4
Qb7 41. Qh4 Qd5 42. Nc4 Qd7 43. Qe4 Qd8 44. Qc6 Kg7 45. Qe4 Kg8 46. Nd2 Kg7 47.
Qb7 Kg8 48. Ne4 Kg7 49. f4 Qb8 50. Qc6 Qd8 51. Kf3 e5 52. Nc3 exf4 53. Nd5 fxg3
54. Nxc7 gxh2 55. Kg2 Qh4 56. Kh1 Qg3 57. Ne8+ Kh6 58. Qg2 Qe5 59. Qe4 Qg3 60.
Qg2 Qe5 61. Qe4 Qg3 62. Qg2 1/2-1/2

[Event "Plancoet 2014"]
[Site "?"]
[Date "2014.08.01"]
[Round "8.3"]
[White "Filip, Lucian"]
[Black "Mevel, Alberic"]
[Result "1/2-1/2"]
[WhiteElo "2458"]
[BlackElo "2226"]
[PlyCount "116"]
[EventDate "2014.??.??"]

1. Nf3 d5 2. d4 Nc6 3. c4 Bg4 4. Nc3 e6 5. Bf4 Bb4 6. e3 Nf6 7. Rc1 O-O 8. h3
Bh5 9. a3 Bxc3+ 10. Rxc3 Ne4 11. Rc1 Ne7 12. Be2 c6 13. O-O f5 14. Bh2 Ng6 15.
Ne5 Bxe2 16. Qxe2 Nxe5 17. Bxe5 Nd6 18. b3 Nf7 19. Bh2 Re8 20. Qd3 Qf6 21. Qc3
Rad8 22. Rfd1 h6 23. a4 Kh7 24. Rd2 a6 25. Qc2 Rd7 26. Rcd1 Nh8 27. Be5 Qf7 28.
f3 Ng6 29. Bg3 Kh8 30. e4 dxe4 31. fxe4 f4 32. Bf2 f3 33. Bg3 fxg2 34. Rf2 Qe7
35. Kxg2 Rf8 36. d5 Rxf2+ 37. Qxf2 exd5 38. exd5 cxd5 39. cxd5 Qe4+ 40. Qf3
Qc2+ 41. Kh1 Rf7 42. Qd3 Qxd3 43. Rxd3 Nf8 44. Kg2 Kh7 45. Rc3 Kg6 46. Rc8 Nh7
47. d6 Kf5 48. Re8 Nf6 49. Re5+ Kg6 50. Rc5 Rd7 51. Kf3 Kf7 52. Ke3 Ne8 53. Ke4
Ke6 54. Re5+ Kf7 55. Rf5+ Ke6 56. Re5+ Kf7 57. Rf5+ Ke6 58. Re5+ Kf7 1/2-1/2

[Event "Plancoet 2014"]
[Site "?"]
[Date "2014.08.01"]
[Round "8.4"]
[White "Bernard, Christophe"]
[Black "Vedmediuc, Serghei"]
[Result "0-1"]
[WhiteElo "2259"]
[BlackElo "2430"]
[PlyCount "66"]
[EventDate "2014.??.??"]

1. d4 g6 2. Nf3 Bg7 3. g3 Nf6 4. Bg2 O-O 5. c4 d6 6. O-O Nbd7 7. Nc3 e5 8. Qc2
exd4 9. Nxd4 Nb6 10. Rd1 Nxc4 11. Ncb5 a6 12. Qxc4 axb5 13. Nxb5 Bd7 14. Nc3
Rb8 15. a4 Be6 16. Qh4 Ng4 17. Qxd8 Rfxd8 18. Bd5 Bxc3 19. bxc3 Bxd5 20. Rxd5
Re8 21. Rd4 Ne5 22. f3 Nc6 23. Rd2 Re5 24. Rb2 b6 25. Kf2 Ra8 26. Ra3 Rea5 27.
g4 f6 28. c4 Rxa4 29. Rxa4 Rxa4 30. c5 dxc5 31. Rd2 Ra1 32. Bb2 Ra2 33. Ke3 Kf7
0-1

[Event "Plancoet 2014"]
[Site "?"]
[Date "2014.08.01"]
[Round "8.5"]
[White "Bouget, Alexandre"]
[Black "Kukov, Velislav"]
[Result "0-1"]
[WhiteElo "2287"]
[BlackElo "2369"]
[PlyCount "100"]
[EventDate "2014.??.??"]

1. d4 Nf6 2. c4 e5 3. dxe5 Ng4 4. Nf3 Bc5 5. e3 Nc6 6. Be2 Ngxe5 7. O-O O-O 8.
Nc3 Re8 9. b3 a5 10. Bb2 Nxf3+ 11. Bxf3 Ne5 12. Be2 Ra6 13. Na4 Ba7 14. c5 Rh6
15. f4 Nc6 16. Rf3 d6 17. Qc2 Qh4 18. h3 Rg6 19. Kh2 Nb4 20. Qd2 Bg4 21. f5
Bxf5 22. Bb5 Be4 23. g3 Qg5 24. Bxe8 Bxf3 25. Qf2 Qf5 26. Bd7 Qxd7 27. Qxf3 c6
28. Rd1 Bb8 29. Nb6 Qe8 30. Qf5 d5 31. e4 h6 32. e5 Re6 33. Re1 g6 34. Qf3 Bc7
35. a3 Na6 36. Qe3 Kg7 37. Bc1 Rxe5 38. Qxh6+ Kg8 39. Rxe5 Qxe5 40. Qe3 Nxc5
41. Qxe5 Bxe5 42. b4 axb4 43. axb4 Ne4 44. Bf4 Bc3 45. b5 cxb5 46. Nxd5 b4 47.
Kg2 b3 48. Bc1 b2 49. Bxb2 Bxb2 50. Kf3 Ng5+ 0-1

[Event "Plancoet 2014"]
[Site "?"]
[Date "2014.08.01"]
[Round "8.6"]
[White "Vavric, Pavel"]
[Black "Rjabzev, Konstantin"]
[Result "0-1"]
[WhiteElo "2235"]
[BlackElo "2308"]
[PlyCount "32"]
[EventDate "2014.??.??"]

1. e4 e5 2. Nf3 Nc6 3. Bb5 a6 4. Ba4 Nge7 5. c4 g6 6. d4 exd4 7. Nxd4 Bg7 8.
Be3 O-O 9. O-O Ne5 10. Bb3 d6 11. Nc3 c5 12. Nf3 Bg4 13. Bg5 Qc8 14. Bxe7 Bxf3
15. Qd2 Bxg2 16. Qf4 Qh3 0-1

[Event "Plancoet 2014"]
[Site "?"]
[Date "2014.08.01"]
[Round "8.8"]
[White "Rouffignac, Tanguy"]
[Black "Marholev, Dimitar"]
[Result "1-0"]
[WhiteElo "2139"]
[BlackElo "2349"]
[PlyCount "71"]
[EventDate "2014.??.??"]

1. e4 e5 2. Nc3 Nc6 3. Bc4 Nf6 4. d3 Na5 5. Bg5 Nxc4 6. dxc4 Bb4 7. Nge2 h6 8.
Bxf6 Qxf6 9. O-O c6 10. a3 Be7 11. Qd3 d6 12. Nd1 O-O 13. Ne3 g6 14. b4 Qg7 15.
Rad1 h5 16. Kh1 h4 17. b5 h3 18. g3 Be6 19. f4 Rad8 20. f5 Bc8 21. Ng1 Qh8 22.
Rf2 Bg5 23. g4 Qh4 24. Rf3 Bxe3 25. Qxe3 Qxg4 26. Rxh3 Qf4 27. Qe2 d5 28. cxd5
cxd5 29. Re3 dxe4 30. Rf1 Qh6 31. Rh3 Qd2 32. Qg4 Bxf5 33. Rxf5 Qe1 34. Rxe5
Rfe8 35. Qg5 Kg7 36. Rf5 1-0

[Event "Plancoet 2014"]
[Site "?"]
[Date "2014.08.01"]
[Round "8.9"]
[White "Jessel, Stephen"]
[Black "O'Donnell, Conor"]
[Result "1/2-1/2"]
[WhiteElo "2321"]
[BlackElo "2122"]
[PlyCount "164"]
[EventDate "2014.??.??"]

1. Nf3 d5 2. c4 c6 3. g3 dxc4 4. Bg2 Nd7 5. Qc2 Nb6 6. Na3 Qd5 7. e4 Qd3 8.
Qxd3 cxd3 9. Ne5 g6 10. Nxd3 Bg7 11. Ke2 f5 12. e5 Nh6 13. f4 Nf7 14. b3 Be6
15. Nc5 Bc8 16. Nc2 Nd8 17. Nd4 Kf7 18. a4 a5 19. Ba3 Ne6 20. Ndxe6 Bxe6 21.
Nxb7 Bxb3 22. Rhb1 Bd5 23. Bxd5+ Nxd5 24. Rb3 g5 25. Kf3 gxf4 26. gxf4 Bh6 27.
Rc1 Bxf4 28. e6+ Kf6 29. Rxc6 Bxh2 30. Rb5 Rhb8 31. Bb2+ Kg6 32. Rxd5 Rxb7 33.
Bc3 Bd6 34. Rc4 Bb4 35. Rd7 Raa7 36. Rd5 Bxc3 37. dxc3 Rc7 38. Rcc5 Rxc5 39.
Rxc5 Ra6 40. Kf4 Rxe6 41. Rxa5 Re4+ 42. Kf3 Kf6 43. Ra8 Rc4 44. Ke3 Rxc3+ 45.
Kd4 Ra3 46. a5 e5+ 47. Kc5 e4 48. a6 Ke5 49. a7 Kf4 50. Kb6 e3 51. Re8 Kf3 52.
Re5 e2 53. Rxf5+ Ke4 54. Rf8 Kd3 55. Rf3+ Kc2 56. Rxa3 e1=Q 57. a8=Q Qb4+ 58.
Kc7 Qe7+ 59. Kc6 Qe6+ 60. Kb5 Qe5+ 61. Kc4 Qc7+ 62. Kd4 Qd6+ 63. Ke3 Qc5+ 64.
Kf4 Qd6+ 65. Kf3 Qf6+ 66. Kg2 Qg5+ 67. Rg3 Qd2+ 68. Kh3 Qh6+ 69. Kg2 Qd2+ 70.
Kf3 Qd3+ 71. Kf4 Qd6+ 72. Kg4 Qg6+ 73. Kf3 Qd3+ 74. Kf2 Qd2+ 75. Kf3 Qd3+ 76.
Kf2 Qd2+ 77. Kf1 Qd1+ 78. Kg2 Qd2+ 79. Kg1 Qc1+ 80. Kh2 Qh6+ 81. Rh3 Qf4+ 82.
Rg3 Qh6+ 1/2-1/2

[Event "Plancoet 2014"]
[Site "?"]
[Date "2014.08.01"]
[Round "8.10"]
[White "Aubry, Yannis"]
[Black "Le Masle, Raphael"]
[Result "1/2-1/2"]
[WhiteElo "2255"]
[BlackElo "2072"]
[PlyCount "58"]
[EventDate "2014.??.??"]

1. c4 Nf6 2. Nc3 g6 3. g3 Bg7 4. Bg2 c5 5. e3 d6 6. Nge2 Nc6 7. O-O O-O 8. a3
Rb8 9. Rb1 Be6 10. d3 Qc8 11. Nf4 Bg4 12. f3 Bd7 13. b4 Nd8 14. b5 b6 15. Bd2
Ne6 16. Nfd5 Re8 17. a4 Nc7 18. Nxf6+ Bxf6 19. a5 Bh3 20. Ne4 Bh8 21. Bc3 Bxg2
22. Kxg2 d5 23. Bxh8 Kxh8 24. axb6 axb6 25. Nd2 Qe6 26. Qe2 Ra8 27. Ra1 Qf6 28.
Rxa8 Rxa8 29. Nb1 Ra4 1/2-1/2

[Event "Plancoet 2014"]
[Site "?"]
[Date "2014.08.01"]
[Round "8.11"]
[White "Vaillant, Stephane"]
[Black "Anskog, Kent"]
[Result "0-1"]
[WhiteElo "1939"]
[BlackElo "2209"]
[PlyCount "90"]
[EventDate "2014.??.??"]

1. d4 g6 2. c4 Bg7 3. Nf3 d6 4. Nc3 Bg4 5. e4 Bxf3 6. gxf3 Nc6 7. Be3 e5 8. d5
Nd4 9. Be2 c5 10. f4 Nf6 11. fxe5 dxe5 12. Qd2 O-O 13. Bg5 a6 14. h4 b5 15.
cxb5 axb5 16. Nxb5 Nb3 17. Qd1 Nxa1 18. Nc3 Qa5 19. Bf3 Nxd5 20. exd5 e4 21.
Be2 Bxc3+ 22. bxc3 Qxc3+ 23. Bd2 Nc2+ 24. Kf1 Qb2 25. Bc4 Nd4 26. Kg2 Rxa2 27.
Bxa2 Qxa2 28. h5 Qxd5 29. Be3 f5 30. hxg6 hxg6 31. Rh6 Kf7 32. Qa1 Ra8 33. Qh1
f4 34. Rh7+ Ke6 35. Qh3+ Nf5 36. Qg4 fxe3 37. Qxg6+ Ke5 38. Rh5 Qg8 39. Rxf5+
Kd4 40. fxe3+ Kxe3 41. Qxg8 Rxg8+ 42. Kf1 c4 43. Rf7 Rh8 44. Rc7 Rh1+ 45. Kg2
Rc1 0-1

[Event "Plancoet 2014"]
[Site "?"]
[Date "2014.08.01"]
[Round "8.12"]
[White "Maddens, Martijn"]
[Black "Emmenecker, Philippe"]
[Result "1-0"]
[WhiteElo "2015"]
[BlackElo "2191"]
[PlyCount "67"]
[EventDate "2014.??.??"]

1. e4 c5 2. c3 d6 3. d4 Nf6 4. Bd3 Qc7 5. Na3 a6 6. Nf3 g6 7. O-O Bg7 8. h3 O-O
9. e5 dxe5 10. dxe5 Nfd7 11. e6 fxe6 12. Ng5 Ne5 13. Bc2 b5 14. f4 Rd8 15. Qe2
Nf7 16. Nxe6 Bxe6 17. Qxe6 Nc6 18. f5 Rd6 19. Qe4 Rf6 20. Bf4 gxf5 21. Bxc7
fxe4 22. Bxe4 Rc8 23. Bg3 Rxf1+ 24. Rxf1 Bf6 25. Nc2 Kg7 26. Ne3 e6 27. Ng4 Be5
28. Rxf7+ Kxf7 29. Nxe5+ Nxe5 30. Bxe5 Rd8 31. c4 Rd1+ 32. Kf2 b4 33. Bxh7 Ra1
34. g4 1-0

[Event "Plancoet 2014"]
[Site "?"]
[Date "2014.08.01"]
[Round "8.13"]
[White "Najart, David"]
[Black "Estadieu, Romeo"]
[Result "1/2-1/2"]
[WhiteElo "2150"]
[BlackElo "1857"]
[PlyCount "71"]
[EventDate "2014.??.??"]

1. c4 Nf6 2. Nc3 g6 3. e4 d6 4. d4 Bg7 5. Nf3 O-O 6. h3 e5 7. d5 Ne8 8. Be3 f5
9. Bd3 Na6 10. a3 Nc5 11. Bc2 a5 12. b4 axb4 13. axb4 Rxa1 14. Qxa1 Na6 15. Qb1
f4 16. Bd2 g5 17. Bd1 h5 18. Qb3 g4 19. hxg4 hxg4 20. Nh4 Qg5 21. Bc2 g3 22. f3
Qh5 23. Ne2 Bh6 24. Bd3 Bg5 25. c5 Bxh4 26. c6 Nb8 27. Qa2 Ng7 28. Qa8 bxc6 29.
Qxb8 Bh3 30. Qxf8+ Kxf8 31. Rxh3 cxd5 32. exd5 Kf7 33. Be4 Qg5 34. Nc3 Ne8 35.
Bd3 Qd8 36. Bf5 1/2-1/2

[Event "Plancoet 2014"]
[Site "?"]
[Date "2014.08.02"]
[Round "9.1"]
[White "Maiorov, Nikita"]
[Black "Kukov, Velislav"]
[Result "1-0"]
[WhiteElo "2531"]
[BlackElo "2369"]
[PlyCount "69"]
[EventDate "2014.??.??"]

1. d4 Nf6 2. c4 e5 3. dxe5 Ng4 4. e3 Nxe5 5. Nh3 d5 6. cxd5 Bxh3 7. gxh3 Qf6 8.
Be2 Nbd7 9. Nc3 Bb4 10. O-O Bxc3 11. bxc3 O-O-O 12. Kh1 Nb6 13. e4 Rhe8 14. Qd4
Qh4 15. f4 Ng6 16. Bg4+ Kb8 17. a4 h5 18. Bf3 Nxf4 19. Bxf4 Qxf4 20. Bg2 Qe5
21. Rxf7 Nc8 22. Rf5 Qxd4 23. cxd4 Nd6 24. Re5 c5 25. dxc6 Rxe5 26. dxe5 Nf7
27. e6 Ng5 28. cxb7 Nxe6 29. e5 Nc5 30. Kg1 a5 31. Rc1 Nxa4 32. e6 Re8 33. e7
Nb6 34. Rd1 Nc8 35. Rd8 1-0

[Event "Plancoet 2014"]
[Site "?"]
[Date "2014.08.02"]
[Round "9.5"]
[White "Angskog, Kent"]
[Black "Filip, Lucian"]
[Result "1/2-1/2"]
[WhiteElo "2209"]
[BlackElo "2458"]
[PlyCount "103"]
[EventDate "2014.??.??"]

1. Nf3 c5 2. c3 Nf6 3. d4 b6 4. dxc5 bxc5 5. e4 Nc6 6. Qc2 e6 7. e5 Ng4 8. Bf4
f6 9. exf6 gxf6 10. Bd3 Qe7 11. O-O Bh6 12. Bg3 Nge5 13. Be2 O-O 14. Nh4 f5 15.
f4 Nf7 16. Bf3 d5 17. Qf2 Rb8 18. Na3 Bd7 19. Rfe1 Qd6 20. Bh5 Qc7 21. Rab1 Qb6
22. Bxf7+ Rxf7 23. Nf3 Bg7 24. Qe2 h6 25. Bf2 Qa5 26. c4 d4 27. Nb5 a6 28. Nd6
Rff8 29. Ne5 Nxe5 30. fxe5 Bc6 31. Bh4 Qc7 32. Qh5 Be8 33. Nxe8 Rbxe8 34. Bf6
Bxf6 35. exf6 Qf7 36. Qxh6 Qxf6 37. Qxf6 Rxf6 38. Re5 Rc8 39. b4 cxb4 40. Rxb4
Rg6 41. c5 Kf7 42. Rxd4 Kf6 43. Re2 Rxc5 44. Rd6 Re5 45. Rxe5 Kxe5 46. Rxa6 Rg8
47. Kf2 Rc8 48. h4 Rc2+ 49. Kf3 Rc3+ 50. Kf2 Rc2+ 51. Kf3 Rc3+ 52. Kf2 1/2-1/2

[Event "Plancoet 2014"]
[Site "?"]
[Date "2014.08.02"]
[Round "9.7"]
[White "Maddens, Martijn"]
[Black "Jessel, Stephen"]
[Result "0-1"]
[WhiteElo "2015"]
[BlackElo "2321"]
[PlyCount "70"]
[EventDate "2014.??.??"]

1. e4 e6 2. d4 d5 3. Nc3 Nf6 4. Bg5 Bb4 5. exd5 Qxd5 6. Bxf6 Bxc3+ 7. bxc3 gxf6
8. Qg4 Ke7 9. Bd3 Bd7 10. Be4 Qa5 11. Ne2 Nc6 12. O-O Rag8 13. Qf4 h5 14. Qe3
b6 15. c4 Nd8 16. f4 Kf8 17. Kh1 h4 18. d5 Qb4 19. Qd4 Qe7 20. Rad1 e5 21. fxe5
fxe5 22. Qf2 Nb7 23. Nc3 Rg7 24. Bf5 Bxf5 25. Qxf5 Nd6 26. Qd3 Rg3 27. Rf3 Rxf3
28. gxf3 Rg8 29. Ne4 Nxe4 30. Qxe4 Qg5 31. Qg4 Qxg4 32. fxg4 Rxg4 33. d6 cxd6
34. Rxd6 Rxc4 35. Rd7 Ra4 0-1

[Event "Plancoet 2014"]
[Site "?"]
[Date "2014.08.02"]
[Round "9.8"]
[White "Peyre, Thomas"]
[Black "Bouget, Alexandre"]
[Result "0-1"]
[WhiteElo "2145"]
[BlackElo "2287"]
[PlyCount "82"]
[EventDate "2014.??.??"]

1. e4 e6 2. d4 d5 3. Nd2 Nf6 4. e5 Nfd7 5. Bd3 c5 6. c3 Nc6 7. Ne2 cxd4 8. cxd4
f6 9. Nf4 Nxd4 10. Qh5+ Ke7 11. Ng6+ hxg6 12. exf6+ Nxf6 13. Qxh8 Kf7 14. Qh4
e5 15. Nf3 e4 16. Nxd4 Bb4+ 17. Kf1 exd3 18. Bg5 Bd7 19. Rd1 d2 20. g3 Qb6 21.
Bxf6 gxf6 22. Qh7+ Kf8 23. Qh8+ Ke7 24. Qxa8 Qxd4 25. Qxb7 Bc5 26. Ke2 Qc4+ 27.
Kxd2 Bb4+ 28. Qxb4+ Qxb4+ 29. Kc1 Bf5 30. Rhe1+ Kd6 31. Re3 Qc5+ 32. Kd2 Qc2+
33. Ke1 Qxb2 34. Rd2 Qb4 35. f3 Qb1+ 36. Ke2 Qg1 37. g4 Qxh2+ 38. Kd1 Qh1+ 39.
Ke2 Bd7 40. Ra3 Bb5+ 41. Kf2 Qh2+ 0-1

[Event "Plancoet 2014"]
[Site "?"]
[Date "2014.08.02"]
[Round "9.9"]
[White "O'Donnell, Conor"]
[Black "Bernard, Christophe"]
[Result "1/2-1/2"]
[WhiteElo "2122"]
[BlackElo "2259"]
[PlyCount "80"]
[EventDate "2014.??.??"]

1. e4 c5 2. Nf3 d6 3. d4 cxd4 4. Nxd4 Nf6 5. Nc3 Nc6 6. Bg5 e6 7. Qd2 Be7 8.
O-O-O O-O 9. f4 h6 10. Bh4 e5 11. Nf5 Bxf5 12. exf5 exf4 13. Qxf4 d5 14. Kb1 d4
15. Bxf6 Bxf6 16. Ne4 Be5 17. Qf3 Rc8 18. a3 b5 19. f6 b4 20. fxg7 Bxg7 21. a4
d3 22. Bxd3 Ne5 23. Qf5 Nxd3 24. Rxd3 Qb6 25. Rd6 Qe3 26. Nf6+ Bxf6 27. Qxf6 b3
28. cxb3 Qxb3 29. Qf5 Rb8 30. Qg4+ Kh7 31. Qf5+ Kg8 32. Qg4+ Kh7 33. Qe4+ Kg8
34. Qd4 Rb4 35. Qf2 Rfb8 36. Rd2 Rxa4 37. Qg3+ Qxg3 38. hxg3 Kg7 39. Rh4 Ra5
40. Rf4 Rb7 1/2-1/2

[Event "Plancoet 2014"]
[Site "?"]
[Date "2014.08.02"]
[Round "9.10"]
[White "Dekker, Tobias"]
[Black "Aubry, Yannis"]
[Result "1/2-1/2"]
[WhiteElo "1940"]
[BlackElo "2255"]
[PlyCount "89"]
[EventDate "2014.??.??"]

1. d4 e6 2. c4 Nf6 3. Nc3 c5 4. d5 exd5 5. cxd5 d6 6. e4 g6 7. f4 Bg7 8. Bb5+
Nfd7 9. Nf3 a6 10. Bd3 b5 11. O-O O-O 12. Re1 Re8 13. a3 Nb6 14. Rb1 Bg4 15. h3
Bxf3 16. Qxf3 N8d7 17. Be3 Rc8 18. Bf2 Qc7 19. h4 Nf6 20. Bg3 b4 21. axb4 cxb4
22. Ne2 Nc4 23. Rec1 Nd2 24. Qe3 Qb7 25. Qxd2 Nxe4 26. Bxe4 Rxe4 27. Rxc8+ Qxc8
28. Kf1 Qc4 29. Bf2 a5 30. b3 Qb5 31. Rd1 a4 32. Qc2 Qe8 33. Rd2 a3 34. Qc6 Qd8
35. Rc2 Bf8 36. g3 Qf6 37. Qa8 Qa1+ 38. Nc1 Kg7 39. Kg2 Be7 40. Kf3 f5 41. Rc8
Qb2 42. Kg2 Kh6 43. Rc7 Qd2 44. Qa7 Qxd5 45. Qb7 1/2-1/2

[Event "Plancoet 2014"]
[Site "?"]
[Date "2014.08.02"]
[Round "9.11"]
[White "Estadieu, Romeo"]
[Black "Vavric, Pavel"]
[Result "0-1"]
[WhiteElo "1857"]
[BlackElo "2235"]
[PlyCount "100"]
[EventDate "2014.??.??"]

1. e4 c5 2. Nf3 Nc6 3. c4 g6 4. d4 cxd4 5. Nxd4 Bg7 6. Be3 Nf6 7. Nc3 Ng4 8.
Qxg4 Nxd4 9. Qd1 Ne6 10. Qd2 Qa5 11. Be2 d6 12. O-O Bd7 13. Rfc1 Bc6 14. f3 f5
15. exf5 gxf5 16. f4 Rg8 17. g3 Nc5 18. Rab1 Bxc3 19. Qxc3 Qxc3 20. Rxc3 Ne4
21. Rcc1 a5 22. Bd3 h5 23. Bxe4 Bxe4 24. Ra1 h4 25. Kf2 hxg3+ 26. hxg3 Rh8 27.
Ke2 Rh2+ 28. Bf2 Kd7 29. b3 e5 30. fxe5 dxe5 31. Rd1+ Kc7 32. Rf1 Rg8 33. Ke3
Bg2 34. Rg1 Bc6 35. Rgf1 Rg4 36. Rae1 b5 37. Rc1 Kb7 38. Rc3 bxc4 39. Rxc4 f4+
40. gxf4 exf4+ 41. Rxf4 Rh3+ 42. Bg3 Rgxg3+ 43. Kd4 Rc3 44. Ke5 Rhe3+ 45. Kf6
Rc2 46. R4f2 Ree2 47. Rxe2 Rxe2 48. Rb1 Rxa2 49. Ke5 Rd2 50. b4 Rd5+ 0-1

[Event "Plancoet 2014"]
[Site "?"]
[Date "2014.08.02"]
[Round "9.12"]
[White "Mancini, Mario"]
[Black "Le Marec, Simon"]
[Result "1/2-1/2"]
[WhiteElo "2209"]
[BlackElo "2132"]
[PlyCount "123"]
[EventDate "2014.??.??"]

1. d4 d5 2. c4 e6 3. Nc3 Nf6 4. Bg5 Be7 5. e3 O-O 6. Nf3 Nbd7 7. Rc1 a6 8. a3
dxc4 9. Bxc4 b5 10. Bd3 c5 11. O-O Bb7 12. Qe2 cxd4 13. Nxd4 Qb6 14. Ne4 Rfd8
15. Ng3 h6 16. Bxf6 Nxf6 17. b4 Bd5 18. Rfd1 Qb7 19. f3 Qb6 20. Qf2 Rac8 21.
Bf1 Nd7 22. e4 Bc4 23. Bxc4 bxc4 24. Nc2 Bg5 25. Rb1 Qb8 26. Ne2 Ne5 27. Qg3
Qa7+ 28. Qf2 Qb7 29. f4 Nd3 30. Qe3 Nxf4 31. Nxf4 e5 32. g3 Qb8 33. Rxd8+ Rxd8
34. Rf1 exf4 35. gxf4 Rd3 36. Qf2 Bd8 37. Qe2 Qd6 38. Ne1 Qd4+ 39. Kh1 Re3 40.
Nc2 Qxe4+ 41. Qg2 Re2 42. Rf2 Qxg2+ 43. Kxg2 Re6 44. Rd2 Bf6 45. Kf3 g6 46. Rd5
Kf8 47. Rc5 c3 48. a4 Rd6 49. b5 axb5 50. axb5 Ke8 51. Ke4 Kd7 52. f5 Rd2 53.
Ne3 gxf5+ 54. Nxf5 Rxh2 55. b6 Rb2 56. Rc7+ Kd8 57. Rc6 c2 58. Nxh6 Rxb6 59.
Rxc2 Rb7 60. Rf2 Be7 61. Nxf7+ Ke8 62. Ne5 1/2-1/2

[Event "Plancoet 2014"]
[Site "?"]
[Date "2014.08.02"]
[Round "9.15"]
[White "Jarreton, Herve"]
[Black "Petre, Nad-Titus"]
[Result "0-1"]
[WhiteElo "1989"]
[BlackElo "2371"]
[PlyCount "66"]
[EventDate "2014.??.??"]

1. e4 c5 2. Nf3 e6 3. d4 cxd4 4. Nxd4 a6 5. Nc3 Qc7 6. Be2 Nf6 7. Bf3 Nc6 8.
Nxc6 bxc6 9. O-O Bd6 10. h3 Bh2+ 11. Kh1 Be5 12. Na4 d6 13. c4 c5 14. Rb1 Bd7
15. Bd2 O-O 16. Nc3 Bc6 17. Qc2 Qb7 18. Rbe1 Nd7 19. Nd5 Rfe8 20. Ba5 Rac8 21.
Bc3 Qb8 22. Ne3 Qa8 23. Ng4 Bd4 24. Bxd4 cxd4 25. Qd2 e5 26. Qg5 Re6 27. h4 Nc5
28. Qf5 a5 29. g3 g6 30. Nh6+ Kh8 31. Qg5 Rf8 32. Bg2 Nxe4 33. f4 Nxg5 0-1

[Event "Plancoet 2014"]
[Site "?"]
[Date "2014.08.02"]
[Round "9.21"]
[White "Mazza, Stefano"]
[Black "Baudin, Frederic"]
[Result "0-1"]
[WhiteElo "1789"]
[BlackElo "2001"]
[PlyCount "32"]
[EventDate "2014.??.??"]

1. e4 e5 2. f4 exf4 3. Nf3 g5 4. Bc4 Bg7 5. d4 d6 6. c3 Nc6 7. Qb3 Qe7 8. Nxg5
Qxg5 9. Bxf7+ Ke7 10. Bxg8 Rxg8 11. Qxg8 Qxg2 12. Rf1 Qxf1+ 13. Kxf1 Bh3+ 14.
Kf2 Rxg8 15. Bxf4 Rf8 16. Na3 Bxd4+ 0-1